000
00293nam a22001337a 4500
008
170414b xxu||||| |||| 00| 0 eng d
020
_a
9781437724806
041
_a
eng
080
_a
618
100
_a
10
101
_a
SHM
245
_a
CLINICS PERIBATOLOGY
_c
KOURTIS.A.P
942
_2
udc
_c
BK
999
_c
10869
_d
10869